Such Mohabbat Aur Zara Sa Keena - سچ محبت اور ذرا سا کینہ / (Record no. 194143)
[ view plain ]
| 000 -LEADER | |
|---|---|
| fixed length control field | 00458 a2200157 4500 |
| 003 - CONTROL NUMBER IDENTIFIER | |
| control field | Nust |
| 005 - DATE AND TIME OF LATEST TRANSACTION | |
| control field | 20230427132738.0 |
| 040 ## - CATALOGING SOURCE | |
| Transcribing agency | Nust |
| 082 ## - DEWEY DECIMAL CLASSIFICATION NUMBER | |
| Classification number | 920 |
| 100 ## - MAIN ENTRY--PERSONAL NAME | |
| Personal name | Singh, Khushwant |
| 9 (RLIN) | 17337 |
| 245 ## - TITLE STATEMENT | |
| Title | Such Mohabbat Aur Zara Sa Keena - سچ محبت اور ذرا سا کینہ / |
| Statement of responsibility, etc. | Khushwant Singh |
| 260 ## - PUBLICATION, DISTRIBUTION, ETC. | |
| Place of publication, distribution, etc. | Lahore , Pakistan |
| Name of publisher, distributor, etc. | Almatbahtuarabia |
| Date of publication, distribution, etc. | 2003 |
| 300 ## - PHYSICAL DESCRIPTION | |
| Extent | 416p; |
| 650 ## - SUBJECT ADDED ENTRY--TOPICAL TERM | |
| Topical term or geographic name entry element | Autobiography by Khushwant Singh |
| 9 (RLIN) | 111993 |
| 942 ## - ADDED ENTRY ELEMENTS (KOHA) | |
| Source of classification or shelving scheme | |
| Koha item type | Book |
| Withdrawn status | Lost status | Source of classification or shelving scheme | Damaged status | Not for loan | Permanent Location | Current Location | Shelving location | Date acquired | Full call number | Barcode | Date last seen | Price effective from | Koha item type | Public note |
|---|---|---|---|---|---|---|---|---|---|---|---|---|---|---|
| Military College of Signals (MCS) | Military College of Signals (MCS) | General Stacks | 12/12/2016 | 921,SIN | MCS30683 | 04/27/2023 | 12/12/2016 | Book | Almirah No.66, Shelf No.5 |
